000 00889nam a2200265Ia 4500
003 OSt
005 20220923224241.0
006 a|||||r|||| 00| 0
007 ta
008 220922b |||||||| |||| 00| 0 hin d
024 _a230,060
037 _cTextual
040 _aARTS
_cARTS
_bhin
041 _2hin
_ahin
082 _aO152,3NM16w, P0
100 _aमिश्र, गोविन्द
_9156279
245 0 _aमेरे साक्षात्कार
246 _aMere sākṣhātkāra
260 _aनयी दिल्ली
_b किताबघर
_c2000
300 _a184पृ.
_ccm.
490 _aमेरे साक्षात्कार सीरीज़
650 _aहिन्दी साहित्य
_9156264
942 _hO152,3NM16w, P0
_cTEXL
_2CC
999 _c370204
_d370204